| 000 | 00765nam a2200241 a 4500 | ||
|---|---|---|---|
| 001 | BRCA_7836 | ||
| 005 | 20190320210022.0 | ||
| 008 | 071113s1959----sp-a######---#000-0#spa-# | ||
| 041 | _aspa | ||
| 044 | _asp | ||
| 050 | 4 |
_aDK32 _b.M44 _c1959 |
|
| 100 | 1 |
_aMehnert, Klaus _919400 |
|
| 245 | 1 | 0 |
_aEl hombre soviético _bobservaciones y experiencias de doce viajes por la URSS _cKlaus Mehnert ; tr. de Juan Godo Costa. |
| 260 |
_aBarcelona ; México _bNoguer _c1959 |
||
| 300 |
_a500 p. _bil. _c22 cm. |
||
| 500 | _aY36 | ||
| 650 | 1 | 4 |
_aCaracterísticas nacionales rusas _919401 |
| 651 | 4 |
_aRusia _xVida social y costumbres _919402 |
|
| 651 | 4 |
_aRusia _xCondiciones sociales _y1917- _99203 |
|
| 700 | 1 |
_aGodo Costa, Juan _etr. _919403 |
|
| 902 | _aGFM | ||
| 942 |
_2lcc _cB |
||
| 999 |
_c7510 _d7510 |
||